|
|
|
|
| LEADER |
00000nam a22000007a 4500 |
| 005 |
20150812223441.0 |
| 007 |
cr|||| |||| |
| 008 |
150812s2015 es |||||s|||| 00||0 spa d |
| 020 |
|
|
|a 978-84-9085-375-7
|
| 035 |
|
|
|a 12813
|
| 040 |
|
|
|a vLex
|
| 090 |
|
|
|c 5527
|d 5527
|
| 100 |
1 |
|
|a Fuertes-Planas Aleix, Cristina
|
| 245 |
1 |
0 |
|a Principios Jurd̕icos en la Definicin̤ de Derecho
|h [Recurso electrn̤ico] /
|c Cristina Fuertes-Planas Aleix, ℓngel Sǹchez de la Torre
|
| 256 |
|
|
|a Servicio en ln̕ea
|
| 260 |
|
|
|a Madrid:
|b Dykinson,
|c 2015
|
| 300 |
|
|
|a 1 recurso electrn̤ico
|
| 506 |
1 |
|
|a Disponible solo en los productos indicados
|d vLex Global
|d vLex Global (Academic Edition, excluding Law Schools)
|d vLex Global (U.S. Academic Edition, Law Schools)
|d vLex Global (U.S. Academic Edition, excluding Law Schools)
|d vLex Global (Academic Edition, Law Schools)
|
| 650 |
0 |
4 |
|a Ciencias sociales
|z Espaą
|
| 700 |
1 |
|
|a Sǹchez de la Torre, ℓngel
|
| 740 |
0 |
|
|a vLex Libros (Servicio en ln̕ea)
|
| 856 |
4 |
0 |
|u http://vlex.com/source/principios-juridicos-definicion-derecho-12813
|z Acceso restringido
|
| 942 |
|
|
|c BOOK
|
| 999 |
0 |
|
|a Social Sciences
|